| 000 | 01153naa a2200301 c 4500 | ||
|---|---|---|---|
| 001 | 48728 | ||
| 999 |
_c48728 _d48728 |
||
| 003 | ES-MaCES | ||
| 005 | 20161228112014.0 | ||
| 008 | 161228s2016 sp ||||| t||||||| ||spa d | ||
| 040 |
_aES-MaCES _bspa _cES-MaCES _dES-MaCES |
||
| 100 | 1 |
_937643 _aMarch Corbella, Hug |
|
| 245 | 1 | 0 |
_aCrisis, ciudad y tecnología ¿una solución inteligente? _cHug March Corbella, Ramon Ribera Fumaz, Pep Vivas Elias |
| 500 | _aResumen | ||
| 504 | _aBibliografía: p. 247-248 | ||
| 650 | 4 |
_928619 _adesarrollo urbano |
|
| 650 | 4 |
_928620 _aplanificación urbana |
|
| 650 | 4 |
_927219 _agobierno local |
|
| 650 | 4 |
_928618 _azona urbana |
|
| 650 | 4 |
_928614 _anueva ciudad |
|
| 650 | 4 |
_928236 _acambio tecnológico |
|
| 650 | 4 |
_930788 _anuevas tecnologías |
|
| 653 | 1 | 0 | _aVivienda-Construcción-Urbanismo |
| 700 | 1 |
_937644 _aRibera Fumaz, Ramon |
|
| 700 | 1 |
_937645 _aVivas Elias, Pep |
|
| 773 | 0 |
_985449 _dMadrid Ministerio de Fomento, Centro de Publicaciones _o088347 _tCiudad y territorio _w(ES-MaCES)25932 _gvol. 48, n. 188 (verano 2016) {55/970 R. 088347} ;p. 239-248 |
|
| 902 | _aART Artículo de revista | ||
| 942 |
_2CES _cAR _h5.2. |
||